00853nam a2200253Ia 4500003000900000005001700009008004100026040001300067040001300080041000900093100002700102245012100129250002400250260001300274260000900287300001000296490001400306490000700320700002600327700002100353942001200374999001700386952019600403IT-RoPAU20220918175457.0120407s9999 xx 000 0 und d aIT-RoPAU cIT-RoPAU alat  aCornelius Damen934610 aTheologia moralis secundum doctrina S. Alfonsi de Ligorio doctoris Ecclesiae. Editio XVII quam paravit I. Visser... aAugustae Taurinorum aMarietti c1956 c24 cm aUrbaniana v12 aJoseph Aertnys934611 aI. Visser934612 cBK2ddc c14130d14130 00102ddc406241_57000000000000071aPAULUSbPAULUSd2012-04-11l0o241.57r2012-04-11 00:00:00w2012-04-11yBKzInserito da: Mario In data: 06 agosto 2011 fondo: Via A.Severo 56 Progr:35237